| 000 | 00822nam a22002177a 4500 | ||
|---|---|---|---|
| 003 | OSt | ||
| 005 | 20240530110420.0 | ||
| 008 | 150310s2007 ua afo f b 001 0 eng d | ||
| 020 | _a9789774161063 | ||
| 040 |
_aEG-CaGPL _cEG-CaGPL |
||
| 082 | 0 | 4 |
_221 _a273.2 _bCC/G C |
| 100 | 0 | _aGawdat Gabra | |
| 245 | 1 | 4 |
_aThe Churches Of Egypt : _bFrom The Journey Of The Holy Family To The Present Day / _cGawdat Gabra and Gertrud J. M. Van Loon With Darlene L . Brooks Hedstrom ; Edited by Carolyn Ludwing ; Photographs by Sherif Sonbol . |
| 260 |
_aCairo : _bThe American University in Cairo Press, _c2009 |
||
| 300 |
_a328 p. : _bcol. ill. ; _c39 cm. |
||
| 504 | _aIncludes bibliographical references. | ||
| 600 | 0 |
_aJesus Christ _xFamily |
|
| 650 | 0 |
_aChurch _xHistory _zEgypt |
|
| 942 |
_2ddc _cBK |
||
| 999 |
_c60633 _d60633 |
||